Journal of Marriage and Family

Detalles Bibliográficos
Formato: eBook
Lenguaje:inglés
Publicado: Hoboken: Wiley, 2000 -
Materias:
Acceso en línea:Acceso restringido

MARC

LEADER 00000nam a22000007a 4500
005 20220519214527.0
007 cr|||| ||||
008 220519c20009999us br|w s|||| 0|||b1eng d
022 |a 1741-3737 
035 |a 36228 
040 |a vLex 
090 |c 13365  |d 13365 
245 0 0 |a Journal of Marriage and Family  |h [Recurso electrn̤ico] / 
256 |a Servicio en ln̕ea 
260 |a Hoboken:  |b Wiley,  |c 2000 - 
300 |a 1 recurso electrn̤ico 
310 |a Bimestral 
500 |a The Journal of Marriage and Family (JMF), published by the National Council on Family Relations, has been the leading research journal in the family field for more than 75 years and is consistently the most highly cited journal in Family Science. JMF features original research and theory using the variety of methods reflective of the full range of social sciences, including quantitative, qualitative, and multi-method designs; research interpretation; integrative review; reports on methodological and statistical advances; and critical discussion concerning all aspects of marriage, other forms of close relationships, and families. The journal also publishes brief reports. 
506 1 |a Disponible solo en los productos indicados  |d vLex Global  |d vLex Global (Academic Edition, excluding Law Schools)  |d vLex Global (Academic Edition, Law Schools) 
650 0 4 |a Derecho Civil  |z Estados Unidos 
650 0 4 |a Familia y Sucesiones  |z Estados Unidos 
740 0 |a vLex Revistas (Servicio en ln̕ea) 
856 4 0 |u https://app.vlex.com/#/sources/36228  |z Acceso restringido 
942 |c REV 
999 0 |a Civil Law 
999 0 |a Family and Inheritance